Soluciones antiestrés : consejos, ayuda y práctica (Registro nro. 7980)

Detalles MARC
000 -Cabecera
Campo de control de longitud fija 00583nam a22002177a 4500
005 - Fecha y hora de la última transacción
Campo de control 20231011111616.0
008 - Elementos de longitud fija--Información general
Campo de control de longitud fija 160419b xxu||||| |||| 00| 0 spa d
020 ## - International Standard Book Number
Número Internacional Estándar del Libro (ISBN) 9789972233272
041 ## - Idioma
Código de idioma
082 ## - Clasificación Decimal Dewey
Número de clasificación 155.904.2
Número de documento/ítem S691s
245 ## - Título propiamente dicho
Título Soluciones antiestrés : consejos, ayuda y práctica
260 ## - Pie de imprenta
Lugar de publicación, distribución, etc. Perú
Nombre del editor, distribuidor, etc. Mirebet
Fecha de publicación, distribución, etc. 2013
300 ## - Descripción física
Extensión 135 páginas
650 ## - Materia general
Temática (materia general) ESTRÉS
650 ## - Materia general
Temática (materia general) MEDITACIONES
650 ## - Materia general
Temática (materia general) REPIRACIÓN
650 ## - Materia general
Temática (materia general) AUTOANÁLISIS
650 ## - Materia general
Temática (materia general) MASAJES BÁSICOS
650 ## - Materia general
Temática (materia general) HIERBAS
942 ## - Punto de acceso adicional KOHA
Tipo de ítem KOHA Literatura
Fuente del sistema de clasificación o colocación Dewey Decimal Classification
Existencias
Signatura completa Código de barras Tipo de ítem
155.904.2 S691s 21035 Literatura